Fundamentals of plasma physics / (Record no. 29210)

000 -LEADER
fixed length control field 00569 a2200169 4500
020 ## - INTERNATIONAL STANDARD BOOK NUMBER
International Standard Book Number 1441919309
020 ## - INTERNATIONAL STANDARD BOOK NUMBER
International Standard Book Number 9781441919304
082 04 - DEWEY DECIMAL CLASSIFICATION NUMBER
Classification number 530.44
090 ## - LOCALLY ASSIGNED LC-TYPE CALL NUMBER (OCLC); LOCAL CALL NUMBER (RLIN)
-- 580
-- 580
100 1# - MAIN ENTRY--PERSONAL NAME
Personal name Bittencourt, J. A.
245 10 - TITLE STATEMENT
Title Fundamentals of plasma physics /
Statement of responsibility, etc. J. A. Bittencourt.
250 ## - EDITION STATEMENT
Edition statement Softcover reprint of hardcover 3rd ed. 2004.
260 ## - PUBLICATION, DISTRIBUTION, ETC.
Place of publication, distribution, etc. [S.l.] :
Name of publisher, distributor, etc. Springer,
Date of publication, distribution, etc. 2004
300 ## - PHYSICAL DESCRIPTION
Extent 701 p. ;
Dimensions 25 cm.
942 ## - ADDED ENTRY ELEMENTS (KOHA)
Institution code [OBSOLETE] SNS
Koha item type Book
Call number prefix 530.44 BIT
Holdings
Withdrawn status Lost status Damaged status Not for loan Permanent Location Current Location Date acquired Total Checkouts Total Renewals Full call number Barcode Date last seen Date last checked out Price effective from Koha item type
        School of Natural Sciences (SNS) School of Natural Sciences (SNS) 05/26/2016 1 1 530.44 BIT SNS0000728 06/21/2019 02/12/2019 05/26/2016 Book
© 2023 Central Library, National University of Sciences and Technology. All Rights Reserved.